=LDR 00000nam 2200000 4500 =001 NUTBA000000000006336 =005 20200304075457 =035 ##$$a 0010-121400000000060 =008 200304################g##########0#ind## =020 ##$$a 979-9402-86-7 =082 ##$$a 135 =100 ##$$a Ushaimy, fahd bin saud =245 1#$$a Mimpi dan bunga mimpi : $b ( Kajian qur'an dan hadits ) /$c Syekh fahd bin saud al-ushaimy; Penerjemah, Saifuddin aman; Editor, saifuddin aman =250 ##$$a Cet.1 =260 ##$$a Jakarta :$b Al-Mawardi Prima,$c 2004 =300 ##$$a vi,140 Hlm ; $c 14 x 21 Cm =850 ##$$aNBPNMAT =084 ##$$a 135 USH m =500 ##$$a Judul asli : Ta'bir al-ru'ya usthalahat mu'ashirat asilat wa ajwibat =650 #4$$a Mimpi dan kegaiban =990 ##$$a 30500611 =990 ##$$a 30500614